| 000 | 00580nam a2200169Ia 4500 | ||
|---|---|---|---|
| 008 | 090123s9999 xx 000 0 und d | ||
| 082 | _b36923 | ||
| 100 | _aकाटककर वसंत | ||
| 245 | _aमन्दज्योति व फवारे | ||
| 250 | _a1 | ||
| 260 |
_bउत्कर्ष प्रकाशन _c2004 |
||
| 600 | _aकाटककर वसंत | ||
| 630 | _aमन्दज्योति व फवारे | ||
| 700 | _aकाटककर वसंत | ||
| 730 | _aमन्दज्योति व फवारे | ||
| 942 | _cBOOK | ||
| 999 |
_c74991 _d74991 |
||